000 00585nam a2200157Ia 4500
008 151213s9999 xx 000 0 und d
100 _aড. মিজানুুর রহমান
245 _aপরিবর্তনশীল বিশ্বে আন্তর্জাতিক আইন
_cড. মিজানুুর রহমান
250 _a১ম সং
260 _aঢাকা
_bপল্ল প্র্রকাশনী
_c2003
300 _a8016 p.
650 _aLaw
650 _aLaw
700 _aড. মিজানুুর রহমান
999 _c4060
_d4060